Not Just 'My Favorite Things'... Quiz Stats

 Plays Quiz Updated Dec 23, 2016

Also try: Do-Re-Mi
Challenge
Share
Tweet
Embed
Score 0/31 Timer 03:00
2 Plays Today
% Correct
brown paper packages tied up with strings
93.9%
girls in white dresses with blue satin sashes
92.4%
bright copper kettles
91.6%
whiskers on kittens
90%
warm woolen mittens
89.1%
snowflakes that stay on my nose and eyelashes
88.8%
raindrops on roses
87.2%
crisp apple strudels
86.2%
silver white winters that melt into springs
85%
schnitzel with noodles
82.2%
wild geese that fly with the moon on their wings
78.1%
cream colored ponies
77%
sleigh bells
68.8%
doorbells
63.4%
birthday presents
48.5%
pillow fights
45.8%
% Correct
Christmas
45%
bunny rabbits
42.8%
any presents
39.1%
pussy willows
36.6%
daffodils
36.3%
telegrams
35.3%
green meadows
34.3%
no school
32.1%
a good sneeze
32%
ladybugs
24.9%
skies full of stars
24.7%
cats
20.5%
chocolate icing
16.5%
snakes
11.2%
rats
6.6%

You're not logged in!

Compare scores with friends on all Sporcle quizzes.
Join for Free
OR
Log In

You Might Also Like...

Show Comments

Extras

Top Quizzes Today


Score Distribution

Your Account Isn't Verified!

In order to create a playlist on Sporcle, you need to verify the email address you used during registration. Go to your Sporcle Settings to finish the process.

Report this User

Report this user for behavior that violates our Community Guidelines.

Details: